000 00514nam a2200205Ia 4500
005 20250425162137.0
008 250425s9999 xx 000 0 und d
020 _a9978921893
041 _aspa
082 _a863.69866
100 _aBENITES VINUEZA, LEOPOLDO
245 0 _aARGONAUTAS DE LA SELVA
250 _a5A ED.
260 _aEcuador
_bCASA DE LA CULTURA ECUATORIANA BENJAMIN CARRION
_c2002
260 _aQUITO
300 _a271
650 _aNOVELA ECUATORIANA
942 _c01
010 _a52787
999 _c223186
_d223186